000 00917nam a2200277Ia 4500
999 _c54618
_d54618
001 21685
003 GE_BSU
005 20220628113630.0
008 181216s2017||||enk|||||||||||||| ||eng||
020 _a9789941462498
040 _cGE_BSU
041 _aeng
080 _a81'42(075.8) + 82 T-25
100 _aTavadze, Lali
_97952
245 _aText interpretation :
_bCoursebook B2 /
_cLali Tavadze, Natia Katamadze ; Editor Madona Megrelishvili.
264 _aBatumi :
_bBatumi Shota Rustaveli State University,
_c2017.
300 _a168 p. ;
_c 20 cm.
500 _aBibl. p. 168
541 _h9 Gel. 87 T.
653 _aText interpretation : Coursebook B2
653 _aАнглийский язык
653 _aინგლისური ენა
700 _aKatamadze, Natia
_eავტორი
_913281
700 _aMegrelishvili, Madona
_eრედაქტორი
_913282
942 _cBK
_2udc